[Event "ECO Cup 2014"]
[Site "Tehran IRI"]
[Date "2014.09.09"]
[Round "7.1"]
[White "Khusnutdinov, Rustam"]
[Black "Ghaem Maghami, Ehsan"]
[Result "1/2-1/2"]
[WhiteTitle "GM"]
[BlackTitle "GM"]
[WhiteElo "2482"]
[BlackElo "2591"]
[WhiteFideId "13701703"]
[BlackFideId "12500739"]
[EventDate "2014.09.04"]

1. d4 Nf6 2. c4 e6 3. Nc3 Bb4 4. e3 O-O 5. Bd3 c5 6. Ne2 d5 7. cxd5 exd5 8. O-O
Nc6 9. a3 cxd4 10. axb4 dxc3 11. b5 Ne5 12. Nxc3 Bg4 13. Be2 Bxe2 14. Qxe2 Qc7
15. Ra4 Ned7 16. Rd1 Rfe8 17. Rad4 Nb6 18. Qd3 Rac8 19. h3 h6 20. Bd2 Nc4 21.
Bc1 Nb6 22. Bd2 Nc4 23. Qb1 Nb6 24. Be1 Qc5 25. Qf5 Qe7 26. b3 Qa3 27. Qb1 Qc5
28. Qd3 Qa3 29. Qb1 Qc5 30. Qa1 Ra8 31. Rc1 Rec8 32. Rdd1 Qe7 33. Ne2 Rxc1 34.
Rxc1 Ne4 35. Ba5 Qe8 36. Nd4 Rc8 37. Bb4 Rxc1+ 38. Qxc1 Qd7 39. f3 Ng5 40. Qc5
Ne6 41. Nxe6 Qxe6 42. Bc3 Nc8 43. Kf2 Qd7 44. Be5 f6 45. Bb8 Kf7 46. Ke2 a6 47.
bxa6 bxa6 48. Kd3 Qb7 49. Qc7+ Qxc7 50. Bxc7 Na7 51. Bd6 Nb5 52. Bc5 h5 53. e4 1/2-1/2

[Event "ECO Cup 2014"]
[Site "Tehran IRI"]
[Date "2014.09.09"]
[Round "7.2"]
[White "Dzhumaev, Marat"]
[Black "Lodhi, Mahmood"]
[Result "1-0"]
[WhiteTitle "GM"]
[BlackTitle "IM"]
[WhiteElo "2528"]
[BlackElo "2330"]
[WhiteFideId "14200236"]
[BlackFideId "7800010"]
[EventDate "2014.09.04"]

1. e4 e5 2. Nf3 Nc6 3. Nc3 Nf6 4. Bb5 Nd4 5. Ba4 Bc5 6. Nxe5 Qe7 7. Nd3 Nxe4 8.
O-O Nxc3 9. bxc3 Ne6 10. Nxc5 Qxc5 11. Bb2 O-O 12. d4 Qf5 13. c4 b6 14. Re1 Bb7
15. Re3 Rad8 16. c3 Nf4 17. d5 Ng6 18. Qe2 c6 19. Ba3 c5 20. Bc2 Qf6 21. Re1 d6
22. Bc1 Bc8 23. Qh5 h6 24. Bd2 Qf4 25. Qe2 Ba6 26. Re4 Qf6 27. h4 Bc8 28. h5 Ne5
29. Bf4 Bf5 30. Bxe5 dxe5 31. Rxe5 Bxc2 32. Qxc2 Rd6 33. R1e4 a6 34. Qa4 b5 35.
Qa3 bxc4 36. Qxc5 Rb6 37. Qxf8+ 1-0

[Event "ECO Cup 2014"]
[Site "Tehran IRI"]
[Date "2014.09.09"]
[Round "7.5"]
[White "Khusenkhojaev, Muhammad"]
[Black "Mirzoev, Azer"]
[Result "1/2-1/2"]
[WhiteTitle "IM"]
[BlackTitle "GM"]
[WhiteElo "2402"]
[BlackElo "2553"]
[WhiteFideId "14700247"]
[BlackFideId "13400304"]
[EventDate "2014.09.04"]

1. Nf3 d5 2. d4 Nf6 3. c4 c6 4. Nc3 dxc4 5. a4 Bf5 6. Ne5 e6 7. f3 c5 8. e4 Bg6
9. Be3 cxd4 10. Qxd4 Qxd4 11. Bxd4 Nfd7 12. Nxd7 Nxd7 13. Bxc4 Rc8 14. Ba2 a6
15. Ke2 Rg8 16. Rac1 Bc5 17. Bxc5 Rxc5 18. b4 Rc6 19. h4 h6 20. Nb1 Rxc1 21.
Rxc1 Ke7 22. Nd2 Rb8 23. Nb3 Nb6 24. Nc5 Rc8 25. Rd1 Rc7 26. g4 Nc8 27. h5 Bh7
28. a5 Na7 29. Ke3 Bg8 30. f4 Nc6 31. Nd3 f6 32. Bb3 Bf7 33. Ba4 e5 34. Bxc6
exf4+ 35. Kxf4 Rxc6 36. Nc5 b6 37. axb6 Rxb6 38. Rd7+ Ke8 39. Ra7 Rxb4 40. Nxa6
Rc4 41. Kf5 Kf8 42. Rc7 Ra4 43. Nc5 Ra1 44. Rc8+ Ke7 45. Rc7+ Kf8 46. Rc8+ Ke7
47. Rc7+ Kf8 48. Nd7+ Ke8 49. Nxf6+ gxf6 50. Kxf6 Rf1+ 51. Kg7 Rg1 52. Kf6 Bb3
53. Rg7 Bc2 54. g5 hxg5 55. h6 Rf1+ 1/2-1/2

[Event "ECO Cup 2014"]
[Site "Tehran IRI"]
[Date "2014.09.10"]
[Round "8.1"]
[White "Ghaem Maghami, Ehsan"]
[Black "Mirzoev, Azer"]
[Result "1/2-1/2"]
[WhiteTitle "GM"]
[BlackTitle "GM"]
[WhiteElo "2591"]
[BlackElo "2553"]
[WhiteFideId "12500739"]
[BlackFideId "13400304"]
[EventDate "2014.09.04"]

1. e4 c5 2. Nc3 d6 3. Nge2 g6 4. d4 cxd4 5. Nxd4 Bg7 6. Be3 Nf6 7. h3 O-O 8. Bc4
a6 9. a4 Nc6 10. Nb3 Na5 11. Nxa5 Qxa5 12. O-O Be6 13. Nd5 Bxd5 14. exd5 Rac8
15. Bb3 Nd7 16. c3 Rfe8 17. Re1 Ne5 18. Qe2 Qc7 19. Rad1 Nc4 20. Bd4 b5 21. axb5
axb5 22. Qc2 Qb7 23. Re4 Bxd4 24. Rexd4 Kg7 25. Qc1 h6 26. Bc2 Ne5 27. Re1 Rc4
28. Qe3 Qc7 29. Bb3 Rxd4 30. Qxd4 Kg8 31. Qe3 Kg7 32. Qd4 Kg8 33. Qe3 Kg7 34.
Qd4 Kg8 35. Bc2 Qc4 36. Qxc4 Nxc4 37. Bd3 Nxb2 38. Bxb5 Rb8 39. c4 Rc8 40. Rxe7
Nxc4 41. Rd7 Rc5 42. Bxc4 Rxc4 43. Rxd6 Kf8 44. g4 Rc3 45. Kg2 Rd3 46. Rd8+ Ke7
47. Rh8 Rxd5 48. Rxh6 Kf8 49. Rh8+ Kg7 50. Re8 g5 51. Kg3 Rd4 52. Re5 f6 53. Rf5
Rd1 54. Kg2 Kg6 55. Ra5 Rb1 56. Ra2 Rc1 57. f3 Rb1 58. Kg3 Rg1+ 59. Rg2 Rh1 60.
Rf2 f5 61. Kg2 Ra1 62. Rb2 fxg4 63. hxg4 Ra3 64. Kf2 Kf6 65. Rb6+ Kf7 66. Rc6
Rb3 67. Ke2 Ra3 68. Rd6 Rb3 69. Rd3 Rb6 70. Ke3 Kf6 71. Rd5 Re6+ 72. Kd4 Re1 73.
Rd6+ Kf7 74. Ra6 Re2 1/2-1/2

[Event "ECO Cup 2014"]
[Site "Tehran IRI"]
[Date "2014.09.10"]
[Round "8.3"]
[White "Emiroglu, Cankut"]
[Black "Tologontegin, Semetey"]
[Result "0-1"]
[WhiteTitle "FM"]
[BlackTitle "FM"]
[WhiteElo "2359"]
[BlackElo "2382"]
[WhiteFideId "6306659"]
[BlackFideId "13800574"]
[EventDate "2014.09.04"]

1. e4 e6 2. d4 b6 3. Nf3 Bb7 4. Bd3 Nf6 5. e5 Ne4 6. Qe2 f5 7. Nbd2 Nxd2 8. Bxd2
c5 9. c3 Be7 10. O-O O-O 11. Bc4 Kh8 12. Qd3 Be4 13. Qe2 Nc6 14. dxc5 bxc5 15.
Rfe1 Rb8 16. b3 Na5 17. Bd3 Ba8 18. c4 Nc6 19. Bc3 Nb4 20. Bb1 Bc6 21. a3 Na6
22. Bc2 Qe8 23. Rab1 Rg8 24. Rb2 Qf8 25. Reb1 g5 26. Ne1 g4 27. Qd2 Bg5 28. Qd6
Be7 29. Qd2 Nc7 30. b4 cxb4 31. axb4 a6 32. b5 axb5 33. cxb5 Rxb5 34. Rxb5 Nxb5
35. Ba5 Na3 36. Ra1 Nc4 37. Qc3 Nxa5 38. Qxa5 Bb4 39. Qa2 Bc3 40. Rd1 Bxe5 41.
Ba4 Qa8 42. Qe2 Bxh2+ 43. Kxh2 Qb8+ 44. g3 Bxa4 45. Rd4 Bc6 46. Ng2 Qb5 47. Qe1
Rb8 48. Rd1 Kg8 49. Qe3 Qb2 50. Rd4 Kf7 51. Rd2 Qa1 52. Qh6 Qg7 53. Qf4 Rb1 54.
f3 Qa1 0-1

[Event "ECO Cup 2014"]
[Site "Tehran IRI"]
[Date "2014.09.10"]
[Round "8.4"]
[White "Lodhi, Mahmood"]
[Black "Bayramgeldiyev, Yusup"]
[Result "1-0"]
[WhiteTitle "IM"]
[WhiteElo "2330"]
[BlackElo "2216"]
[WhiteFideId "7800010"]
[BlackFideId "14001080"]
[EventDate "2014.09.04"]

1. d4 Nf6 2. Nf3 e6 3. g3 b5 4. Bg2 Bb7 5. O-O c5 6. Na3 b4 7. Nc4 d5 8. Nce5
Nbd7 9. c4 dxc4 10. Nxf7 Kxf7 11. Ng5+ Ke7 12. Bxb7 Rb8 13. Bg2 h6 14. Nf3 Kf7
15. Qc2 Bd6 16. Qxc4 Nb6 17. Qa6 c4 18. Qxa7+ Nfd7 19. Ne5+ Bxe5 20. dxe5 Re8
21. Rd1 Qe7 22. Be3 Rec8 23. Rd6 c3 24. bxc3 bxc3 25. Rc1 c2 26. f4 Ke8 27. Bh3
Nc5 28. Qxe7+ Kxe7 29. Rxc2 Nba4 30. Kg2 g6 31. Kf3 h5 32. Rc4 Rc7 33. Bxe6 Nxe6
34. Rxe6+ Kxe6 35. Rxc7 Nb2 36. Rc6+ Kd5 37. Rd6+ Kc4 38. Rxg6 Nd1 39. Rc6+ Kb5
40. Rc2 Ra8 41. Bd4 1-0

[Event "ECO Cup 2014"]
[Site "Tehran IRI"]
[Date "2014.09.10"]
[Round "8.5"]
[White "Khusnutdinov, Rustam"]
[Black "Dzhumaev, Marat"]
[Result "0-1"]
[WhiteTitle "GM"]
[BlackTitle "GM"]
[WhiteElo "2482"]
[BlackElo "2528"]
[WhiteFideId "13701703"]
[BlackFideId "14200236"]
[EventDate "2014.09.04"]

1. d4 f5 2. c4 Nf6 3. Nc3 d6 4. Bg5 Nbd7 5. Qc2 g6 6. h4 c6 7. Nh3 e5 8. dxe5
Nxe5 9. O-O-O Be7 10. e4 Qc7 11. f4 Neg4 12. Re1 O-O 13. Bd3 fxe4 14. Nxe4 Nxe4
15. Bxe4 Bf6 16. Kb1 Qg7 17. Rhf1 Bd7 18. f5 Rae8 19. fxg6 hxg6 20. Bxg6 Rxe1+
21. Rxe1 Bxg5 22. Nxg5 Rf2 23. Bh7+ Kh8 24. Qb3 b6 25. Bc2 Ne5 26. Ne4 Rxg2 27.
Nxd6 Rg3 28. Qb4 c5 29. Qd2 Nf3 30. Qd5 Nxe1 31. Nf7+ Kg8 32. Ng5+ Kh8 33. Nf7+
Kg8 34. Ne5+ Kf8 35. Nxd7+ Ke7 36. Ne5 Nxc2 37. Nc6+ Kf8 38. Qd8+ Kf7 39. Qd5+
Kg6 40. Kxc2 Kh6 41. Ne5 Qf6 42. Nd3 Rg4 43. h5 Rd4 44. Qg8 Qf5 45. Qg3 Rxc4+
46. Kb3 Re4 47. Ka3 c4 0-1

[Event "ECO Cup 2014"]
[Site "Tehran IRI"]
[Date "2014.09.11"]
[Round "9.1"]
[White "Dzhumaev, Marat"]
[Black "Ghaem Maghami, Ehsan"]
[Result "0-1"]
[WhiteTitle "GM"]
[BlackTitle "GM"]
[WhiteElo "2528"]
[BlackElo "2591"]
[WhiteFideId "14200236"]
[BlackFideId "12500739"]
[EventDate "2014.09.04"]

1. e4 c5 2. Nf3 e6 3. Nc3 a6 4. d4 cxd4 5. Nxd4 Qc7 6. g3 Bb4 7. Ne2 Nf6 8. Bg2
Be7 9. O-O Nc6 10. h3 d6 11. a4 O-O 12. g4 Rb8 13. Ng3 b5 14. axb5 axb5 15. g5
Nd7 16. f4 b4 17. Nce2 Re8 18. h4 Bf8 19. b3 Bb7 20. h5 Rbc8 21. Bb2 Ne7 22. Rc1
d5 23. f5 dxe4 24. f6 gxf6 25. gxf6 Nd5 26. Bxe4 Bh6 27. Qe1 Kh8 28. Kh2 Ne3 29.
Qxb4 Nxf1+ 30. Rxf1 Bxe4 31. Qxe4 Qxc2 32. Qd4 Nc5 33. Ba3 Nxb3 34. Qd7 Nd2 35.
Rf2 Ne4 36. Rg2 Nxg3 37. Nxg3 Qc7 38. Qxc7 Rxc7 39. Ne4 Rc4 40. Re2 Rg8 41. Kh3
Bf4 42. Bb2 h6 0-1

[Event "ECO Cup 2014"]
[Site "Tehran IRI"]
[Date "2014.09.11"]
[Round "9.2"]
[White "Bayramgeldiyev, Yusup"]
[Black "Khusnutdinov, Rustam"]
[Result "1/2-1/2"]
[BlackTitle "GM"]
[WhiteElo "2216"]
[BlackElo "2482"]
[WhiteFideId "14001080"]
[BlackFideId "13701703"]
[EventDate "2014.09.04"]

1. d4 d5 2. Nf3 Bf5 3. e3 e6 4. Bd3 Nf6 5. Bxf5 exf5 6. Qd3 Qc8 7. O-O Bd6 8. c4
c6 9. cxd5 cxd5 10. Nc3 O-O 11. Bd2 Nc6 12. Rac1 Qd7 13. a3 Rac8 14. Rc2 Ne7 15.
Rfc1 a6 16. g3 Ne4 17. Qe2 Rc7 18. Ne1 Rfc8 19. Kg2 Rc6 20. Nd3 R8c7 21. f3 Nxc3
22. Rxc3 Rc4 23. b4 Qc8 24. Qe1 h6 25. Nb2 R4c6 26. R1c2 Rxc3 27. Rxc3 Rxc3 28.
Bxc3 g5 29. Bd2 h5 30. Qc1 Qe6 31. Nd3 Ng6 32. Qe1 h4 33. Nf2 Qe7 34. e4 hxg3
35. hxg3 fxe4 36. fxe4 dxe4 37. Qxe4 Kg7 38. Qd5 f6 39. Ne4 Bb8 40. Qf5 Qf7 41.
Nc5 Nf8 42. d5 Be5 43. Qe4 Qc7 44. Be1 a5 45. Bf2 b6 46. Ne6+ Nxe6 47. dxe6 axb4
48. axb4 Kf8 49. Qd5 Qd6 50. Qxd6+ Bxd6 51. Bxb6 Bxb4 52. g4 Ke7 1/2-1/2

[Event "ECO Cup 2014"]
[Site "Tehran IRI"]
[Date "2014.09.11"]
[Round "9.3"]
[White "Tologontegin, Semetey"]
[Black "Lodhi, Mahmood"]
[Result "1/2-1/2"]
[WhiteTitle "FM"]
[BlackTitle "IM"]
[WhiteElo "2382"]
[BlackElo "2330"]
[WhiteFideId "13800574"]
[BlackFideId "7800010"]
[EventDate "2014.09.04"]

1. g3 e5 2. Bg2 d5 3. d3 f5 4. c4 d4 5. Nf3 Nc6 6. O-O Nf6 7. a3 a5 8. e3 dxe3
9. Bxe3 Be7 10. Nc3 O-O 11. Nd5 Nxd5 12. cxd5 Qxd5 13. Ng5 e4 14. Qh5 Bxg5 15.
dxe4 fxe4 16. Rad1 Qe5 17. Qxg5 Qxg5 18. Bxg5 Bg4 19. Rd5 Bf3 20. Re1 h6 21. Bf4
Rad8 22. Rxd8 Rxd8 23. Bxc7 Rd2 24. b3 Rb2 25. Bf1 Kh7 26. Bc4 Kg6 27. h3 h5 28.
a4 Kf5 29. Bg8 g6 30. Kf1 Nd4 31. Bc4 Nxb3 32. Bxb3 Rxb3 33. Bxa5 Ra3 34. Bb6
Rxa4 35. Rb1 Ra3 36. Be3 Rd3 37. Kg1 Rd5 38. Bb6 g5 39. Rc1 Ke6 40. Kf1 g4 41.
h4 Rb5 42. Be3 Kd5 43. Ke1 b6 44. Kd2 Kd6 45. Rc8 Kd7 46. Rh8 Rd5+ 47. Kc3 b5
48. Bg5 Rd3+ 49. Kb4 Be2 50. Rxh5 Rd1 51. Rh7+ Kc6 52. Rh6+ Kd5 53. Be7 Rd4+ 54.
Kc3 Rc4+ 55. Kb2 Bd3 56. Kb3 Bc2+ 57. Kb2 Bd3 58. Kb3 Bc2+ 59. Kb2 Ba4 60. Rd6+
Ke5 61. Rd2 b4 62. h5 Ke6 63. Bd6 b3 64. h6 Kf7 65. Be5 Kg6 66. Rd6+ Kh7 67. Bc3
Rc7 68. Rd4 Bc6 69. Rd6 Ba4 70. Rb6 Bc6 71. Be5 Rc8 72. Bf4 Bd5 73. Rd6 Rc2+ 74.
Kb1 e3 75. Rd7+ Kg6 76. Rd6+ Kf7 77. fxe3 Be4 78. Rd4 Bg6 79. e4 Re2 80. Bd2
Rxe4 81. Rxe4 1/2-1/2

[Event "ECO Cup 2014"]
[Site "Tehran IRI"]
[Date "2014.09.11"]
[Round "9.4"]
[White "Khusenkhojaev, Muhammad"]
[Black "Emiroglu, Cankut"]
[Result "1-0"]
[WhiteTitle "IM"]
[BlackTitle "FM"]
[WhiteElo "2402"]
[BlackElo "2359"]
[WhiteFideId "14700247"]
[BlackFideId "6306659"]
[EventDate "2014.09.04"]

1. Nf3 Nf6 2. c4 e6 3. Nc3 Bb4 4. Qc2 Nc6 5. a3 Bxc3 6. Qxc3 d6 7. d4 a5 8. b3
O-O 9. e3 Re8 10. Bb2 e5 11. d5 Ne7 12. Nd2 Bf5 13. Be2 c6 14. dxc6 Nxc6 15. Bd3
Be6 16. O-O Rc8 17. Ne4 d5 18. Nc5 dxc4 19. bxc4 Qe7 20. Nxe6 Qxe6 21. Qb3 Red8
22. Rfd1 Rd7 23. h3 Rcd8 24. Bc2 h6 25. Rxd7 Rxd7 26. Rd1 Rxd1+ 27. Bxd1 Qd7 28.
Bf3 e4 29. Bd1 Qd2 30. g4 Nd7 31. Bc2 Nc5 32. Qc3 Qxc3 33. Bxc3 b6 34. Kf1 Nb8
35. Ke2 Nbd7 36. Kd2 g6 37. Bd4 f5 38. gxf5 gxf5 39. f3 exf3 40. Bxf5 Kf7 41.
Bxd7 Nxd7 42. Ke1 Nc5 43. Bxc5 bxc5 44. Kf2 Ke6 45. Kxf3 Kf5 46. a4 h5 47. h4
Ke5 48. e4 Kd4 49. Kf4 Kxc4 50. e5 Kb3 51. e6 c4 52. e7 c3 53. e8=Q c2 54. Qb5+
Ka2 55. Qc4+ Kb2 56. Kg5 c1=Q+ 57. Qxc1+ Kxc1 58. Kxh5 Kb2 59. Kg4 Ka3 60. h5
Kxa4 61. h6 Kb3 62. h7 a4 63. h8=Q Ka2 64. Qb8 1-0